Homenatge a Josep M. Batista i Roca : textos polítics i pedagògics / recerca, selecció, introducció i notes a cura de Víctor Castells textos polítics i pedagògics / recerca, selecció, introducció i notes a cura de Víctor Castells
Publicado:
Barcelona :
Generalitat de Catalunya. Entitat Autònoma del Diari Oficial i de Publicacions ,
1993
Descripción Física:
229 p. : il. ; 23 cm
Colección:
Catalans il·lustres ; 8
Otros Autores:
Castells, Víctor, ed
MARC
| LEADER | 00000nam a2200000Ia 4500 | ||
|---|---|---|---|
| 001 | 10312 | ||
| 008 | 160829s1993 xx 000 0 cat d | ||
| 080 | |a M-2-100 | ||
| 100 | |a Batista i Roca, J. M. (Josep Maria), |d 1895-1978 |9 32764 | ||
| 245 | |a Homenatge a Josep M. Batista i Roca : |b textos polítics i pedagògics / recerca, selecció, introducció i notes a cura de Víctor Castells | ||
| 260 | |a Barcelona : |b Generalitat de Catalunya. Entitat Autònoma del Diari Oficial i de Publicacions, |c 1993 | ||
| 300 | |a 229 p. : |b il. ; |c 23 cm | ||
| 490 | |a Catalans il·lustres ; 8 | ||
| 650 | |a Nacionalisme |x Catalunya |x Miscel·lànies |9 32765 | ||
| 650 | |a Pedagogia |x Catalunya |x Miscel·lànies |9 32766 | ||
| 650 | |a Escoltes |x Catalunya |9 32767 | ||
| 700 | |a Castells, Víctor, ed. |9 32768 | ||
| 901 | |a Arxiu | ||
| 942 | |n 1 | ||
| 952 | |0 0 |1 0 |4 0 |6 M2100 |7 1 |9 46091 |a Arxiu |b Arxiu |d 2016-12-01 |l 0 |o M-2-100 |p 10312 |r 2016-12-01 00:00:00 |w 2016-12-01 |y ARXIU | ||
| 999 | |c 49593 |d 49593 | ||